01259 a2200349 4500003000500000005001700005010001700022020003300039020002400072020003600096020002700132035002400159040000900183082001200192100002000204245008000224250001200304260003300316300003400349440003900383650003100422650005900453650002100512650002200533650003900555650002400594650003800618650004300656700002700699856009100726856009200817Nust20170207154052.0 a 2006938666 a0387682813 (acid-free paper) a0387682821 (e-ISBN) a9780387682815 (acid-free paper) a9780387682822 (e-ISBN) a(OCoLC)ocn141385221 cNust00a519.5421 aJensen, Finn V.10aBayesian networks and decision graphs /cFinn V. Jensen, Thomas D. Nielsen. a2nd ed. aNew York :bSpringer,cc2007 axvi, 447 p. :bill. ;c25 cm. 0aInformation science and statistics 0aApprentissage automatique. 0aBayesian statistical decision theoryxData processing. 0aDecision making. 0aMachine learning. 0aNeural networks (Computer science) 0aPrise de d⥣ision. 0aR⥳eaux neuronaux (Informatique) 0aStatistique bay⥳iennexInformatique.1 aNielsen, Thomas Dyhre.423Publisher descriptionuhttp://www.loc.gov/catdir/enhancements/fy0823/2006938666-d.html423Table of contents onlyuhttp://www.loc.gov/catdir/enhancements/fy0823/2006938666-t.html